Random Friends Knowledge #5 - Statistics

General Stats
  • This quiz has been taken 168 times
  • The average score is 11 of 15
Answer Stats
Question Answer % Correct
According to Monica, a woman has how many erogenous zones? 7
98%
Who almost buys the house next door to the house Chandler and Monica buy in season 10? Janice
95%
What word became one of the most famous lines in the show when Ross, Rachel, and Chandler attempted to carry a couch to Ross's apartment? Pivot
94%
What does Phoebe find floating in a soda can? A thumb
92%
What fruit is Ross allergic to? Kiwi
89%
What was the profession of Phoebe's supposedly gay (ex) husband Duncan? Ice dancer
83%
What song makes Ross and Rachel's daughter Emma laugh for the first time? Baby Got Back
80%
Who did Phoebe think "Kenny the Copy Guy" was? Ralph Lauren
80%
What's the name of Joey's toy penguin? Hugsy
71%
Who played Ross's son Ben in 7 episodes in seasons 6 to 8? Cole Sprouse
61%
Rachel got a job with which company in Paris? Louis Vuitton
57%
What caused the fire at Rachel and Phoebe's apartment? Rachel's hair straightener
56%
What was the name of the lipstick brand that Joey starred in a Japanese commercial for? Ichiban
44%
What was Chandler called in college after losing a toe? Sir Limps-a-Lot
33%
Finish this quote: "Honestly, Ross, this isn't just some girl you picked up in a bar and..." Humped
29%
No matching quizzes found
Score Distribution
Percent of People with Each Score
Percentile by Number Answered
Your Score History
You have not taken this quiz